Zabezpečovanie služieb odpadového hospodárstva miestnou samosprávou v SR
Zabezpečovanie verejných služieb zberu, prepravy, triedenia a zhodnocovania tuhého komunálneho odpadu na území obcí a miest je stále veľmi aktuálnou problematikou pre orgány miestnej samosprávy. Porovnávanie inštitucionálnych foriem zabezpečovania verejnej služby. Proces výberu formy zabezpečovania...
Salvato in:
| Autore principale: | |
|---|---|
| Altri autori: | |
| Natura: | Capitolo di libro |
| Lingua: | slovacco |
| Soggetti: | |
| Tags: |
Nessun Tag, puoi essere il primo ad aggiungerne!!
|
MARC
| LEADER | 00000naa$a2200000$$$4500 | ||
|---|---|---|---|
| 001 | 0061457 | ||
| 005 | 20231116102404.0 | ||
| 041 | 0 | |a slo | |
| 044 | |a SK | ||
| 245 | 1 | 0 | |a Zabezpečovanie služieb odpadového hospodárstva miestnou samosprávou v SR |c Ľuboslava Majlingová, Vladimír Šagát |
| 520 | |a Zabezpečovanie verejných služieb zberu, prepravy, triedenia a zhodnocovania tuhého komunálneho odpadu na území obcí a miest je stále veľmi aktuálnou problematikou pre orgány miestnej samosprávy. Porovnávanie inštitucionálnych foriem zabezpečovania verejnej služby. Proces výberu formy zabezpečovania služby, porovnávanie uplatňovania metód verejného obstarávania. Množstvo vyprodukovaného komunálneho odpadu, spôsoby nakladania s odpadom, jeho využívanie a zneškodňovanie. Náklady a poplatky a ich vývoj. Efektívnosť zabezpečovania služieb odpadového hospodárstva. | ||
| 610 | 2 | 0 | |a hospodárstvo odpadové |
| 610 | 2 | 0 | |a odpad |
| 610 | 2 | 0 | |a služby verejné |
| 610 | 2 | 0 | |a obce |
| 610 | 2 | 0 | |a mestá |
| 610 | 2 | 0 | |a samospráva miestna |
| 610 | 2 | 0 | |a obstarávanie verejné |
| 610 | 2 | 0 | |a náklady |
| 100 | 1 | |a Majlingová, Ľuboslava | |
| 700 | 1 | |a Šagát, Vladimír | |